000 00620nam a2200157 4500
008 170811b xxu||||| |||| 00| 0 eng d
082 _21996
_aDC 425
_bH86
100 _921932
_aHubbard, Reginald S.
245 _aOasis:
_ba content-based language proficiency course for speakers of English as an additional language/
_cReginald S. Hubbard.
260 _aLos Angeles, California:
_bInterserv Associates Press,
_c©1996.
300 _a102 pages:
_billustrations;
_c28 cm.
650 0 _921933
_aLanguage-instruction
650 0 _921934
_aEnglish as a second language
650 0 _921935
_aContent-based courses
942 _2ddc
_cDC
999 _c7241
_d7241